<?xml version="1.0" encoding="UTF-8"?>
<record
    xmlns:xsi="http://www.w3.org/2001/XMLSchema-instance"
    xsi:schemaLocation="http://www.loc.gov/MARC21/slim http://www.loc.gov/standards/marcxml/schema/MARC21slim.xsd"
    xmlns="http://www.loc.gov/MARC21/slim">

  <leader>01715nam a22001937a 4500</leader>
  <controlfield tag="005">20250404155711.0</controlfield>
  <controlfield tag="008">250329b        |||||||| |||| 00| 0 eng d</controlfield>
  <datafield tag="020" ind1=" " ind2=" ">
    <subfield code="a">9783836556347</subfield>
  </datafield>
  <datafield tag="041" ind1=" " ind2=" ">
    <subfield code="a">Eng</subfield>
  </datafield>
  <datafield tag="082" ind1=" " ind2=" ">
    <subfield code="a">741.6</subfield>
    <subfield code="b">WIE</subfield>
  </datafield>
  <datafield tag="100" ind1=" " ind2=" ">
    <subfield code="a">Wiedemmann Julius Ed.</subfield>
    <subfield code="9">211794</subfield>
  </datafield>
  <datafield tag="245" ind1=" " ind2=" ">
    <subfield code="a">Logo Design</subfield>
  </datafield>
  <datafield tag="260" ind1=" " ind2=" ">
    <subfield code="b">Taschen</subfield>
    <subfield code="c">2022</subfield>
  </datafield>
  <datafield tag="300" ind1=" " ind2=" ">
    <subfield code="a">664</subfield>
  </datafield>
  <datafield tag="365" ind1=" " ind2=" ">
    <subfield code="b">1698.75</subfield>
    <subfield code="c">Rs.00</subfield>
  </datafield>
  <datafield tag="520" ind1=" " ind2=" ">
    <subfield code="a">&#x2022;	INTRO: PAUL MIDDLETON
Marks, Signs, And Images: Embracing A Sense Of Belonging And Commitment Pre-Date History
&#x2022;	CREATIVE INDUSTRY
Advertising Agencies, Architects And Architecture Offices, Artists, Branding Companies, Designers And Design Offices, Film Production Studios, Illustrators, Industrial &amp; Product Designers, Photographers
&#x2022;	EVENTS &amp; ENTERTAINMENT
Awards, Championships, Contests, Exhibitions, Fairs, Festivals, Meetings, Parties, Shows, Theatre Companies
&#x2022;	FASHION &amp; APPAREL
Accessories, Clothing, Eyewear, Footwear
&#x2022;	INSTITUTIONS, GOVERNMENT &amp; REGIONAL
Associations, Churches, Cities, Clubs, Colleges, Communities, Countries, Foundations, Institutions, Museums, Organisations, Schools, Universities
&#x2022;	MEDIA
Books, Campaigns, Films, Magazines, Newspapers, Portals, Publishers, Radio, TV, Web Sites
&#x2022;	MUSIC
Artists, Bands, Concerts, DJs, Music Festivals, Music Web Sites, Record Labels
&#x2022;	RETAILERS &amp; FOOD OUTLETS
Bars, Cafes, Markets, Shopping Malls, Restaurants, Stores, Supermarkets Note continued: 
&#x2022;	SERVICE &amp; BUSINESSES
Banking, Catering, Consulting, Hotels, Insurance, Logistics, Printing Service, Telecommunication, Transportation
&#x2022;	MISCELLANEOUS
Beverage, Electronics, Food, Sports, Transport

</subfield>
  </datafield>
  <datafield tag="650" ind1=" " ind2=" ">
    <subfield code="a">Graphic Design</subfield>
    <subfield code="x">Logo Design</subfield>
    <subfield code="9">211853</subfield>
  </datafield>
  <datafield tag="942" ind1=" " ind2=" ">
    <subfield code="c">BK</subfield>
  </datafield>
  <datafield tag="999" ind1=" " ind2=" ">
    <subfield code="c">365825</subfield>
    <subfield code="d">365825</subfield>
  </datafield>
  <datafield tag="952" ind1=" " ind2=" ">
    <subfield code="0">0</subfield>
    <subfield code="1">0</subfield>
    <subfield code="2">ddc</subfield>
    <subfield code="4">0</subfield>
    <subfield code="7">0</subfield>
    <subfield code="a">SOFT</subfield>
    <subfield code="b">SOFT</subfield>
    <subfield code="d">2025-03-27</subfield>
    <subfield code="e">Design Book Studio</subfield>
    <subfield code="g">1698.75</subfield>
    <subfield code="i">540</subfield>
    <subfield code="o">741.6 WIE</subfield>
    <subfield code="p">SOFT-BK-4388</subfield>
    <subfield code="r">2025-03-29 00:00:00</subfield>
    <subfield code="t">25%</subfield>
    <subfield code="v">2265.00</subfield>
    <subfield code="w">2025-03-18</subfield>
    <subfield code="y">BK</subfield>
  </datafield>
</record>
